000 00566nam a22001577a 4500
003 MACL
005 20160413155324.0
008 160413b xxu||||| |||| 00| 0 eng d
040 _cHindi
082 _a550
100 _aगुप्‍ता सुचित्रा
_952263
245 _aचीनी वास्‍तुशास्‍त्र फेंगशुई
260 _aनई दिल्‍ली
_bसावन पब्लिकेशन्‍स
_c2010
650 _aवास्‍तु शास्‍त्र
_952264
942 _2ddc
_cHIN
999 _c53787
_d53787